| 000 | 00763nas a2200217 a 4500 | ||
|---|---|---|---|
| 005 | 20180803170120.0 | ||
| 008 | 960510c19969999ck qr p r 0 0a0spa d | ||
| 040 |
_ahm _chm _dCO-BoIAVH |
||
| 041 | 0 | _aspa | |
| 044 | _ack | ||
| 090 | _aSE | ||
| 245 | 0 | 0 |
_aDiversa : _brevista de pensamiento ambiental / _cMinisterio del Medio Ambiente. |
| 260 |
_aSanta Fe de Bogotá : _bMinisterio del Medio Ambiente, _c1996-. |
||
| 300 |
_bilustraciones ; _c30 cm. |
||
| 310 | _aq | ||
| 650 | 2 | 6 |
_aMedio ambiente _vPublicaciones periódicas |
| 650 | 2 | 6 |
_aProtección ambiental _vPublicaciones periódicas |
| 650 | 2 | 6 |
_aPolítica ambiental _vPublicaciones periódicas |
| 710 | 1 |
_aColombia. _bMinisterio del Medio Ambiente |
|
| 942 |
_2z _cREVISTA |
||
| 999 |
_c17093 _d17093 |
||